La radio ¡que sencilla! / (Record no. 35248)

MARC details
000 -LEADER
campo de control de longitud fija 00595nam a2200181 i 4500
001 - NÚMERO DE CONTROL
campo de control 35248
003 - IDENTIFICADOR DE NÚMERO DE CONTROL
campo de control ES-MaACL
005 - FECHA Y HORA DE LA ÚLTIMA TRANSACCIÓN
campo de control 20230906155102.0
007 - CAMPO FIJO DE DESCRIPCIÓN FÍSICA--INFORMACIÓN GENERAL
campo de control de longitud fija t|
008 - DATOS DE LONGITUD FIJA--INFORMACIÓN GENERAL
campo de control de longitud fija 030212s1966 sp ||||1| spa d
100 1# - ENTRADA PRINCIPAL--NOMBRE DE PERSONA
Nombre de persona Bolt, Cecil Leonard.
9 (RLIN) 30008
245 13 - MENCIÓN DEL TÍTULO
Título La radio ¡que sencilla! /
Mención de responsabilidad, etc. por C.L. Bolt ; revisada por Thomas Roddam ; traducción del inglés por J.A. López del Río.
260 ## - PUBLICACIÓN, DISTRIBUCIÓN, ETC.
Lugar de publicación, distribución, etc. Madrid :
Nombre del editor, distribuidor, etc. Paraninfo,
Fecha de publicación, distribución, etc. 1966.
300 ## - DESCRIPCIÓN FÍSICA
Extensión 222 p. :
Otras características físicas 4 map. ;
Dimensiones 22 cm.
700 1# - ENTRADA AGREGADA--NOMBRE PERSONAL
Nombre de persona Roddam, Thomas.
9 (RLIN) 98104
700 1# - ENTRADA AGREGADA--NOMBRE PERSONAL
Nombre de persona López del Río, J. A.
9 (RLIN) 73604
852 ## - LOCALIZACIÓN
Ubicación ES-MaACL
Número de control de estantería C-30309
Sublocalización o colección R.60283
Holdings
Estatus retirado Estado de pérdida Estado de daño No para préstamo Biblioteca de origen Biblioteca actual Ubicación en estantería Fecha de adquisición Fuente de adquisición Total de préstamos Signatura topográfica completa Código de barras Visto por última vez Precio de reemplazo Tipo de ítem Koha
        Biblioteca del Ateneo de Madrid Biblioteca del Ateneo de Madrid Depósito 2 17/01/2008     C-30309 1036875 23/02/2023 23/02/2023 Libro impreso